00362 2200145 4500245003700000250001000037100001700047700002500064005001900089260005700108041001400165084001000179300001800189336000900207 aMurai BintikcImelda NaomihText aCet.1 aImelda Naomi aKautsar Riina Arifin a20240926102605 aJakartabKementerian Pendidikan dan Kebudayaanc2019 aIndonesia a741.5 a48 hlm :cpdf atext